Národohospodářské plánování a základy úsekových ekonomik
Enregistré dans:
| Format: | Livre |
|---|---|
| Langue: | tchèque |
| Publié: |
Praha
Panorama
1986
|
| Tags: |
Pas de tags, Soyez le premier à ajouter un tag!
|
MARC
| LEADER | 00000nam a2200000 4500 | ||
|---|---|---|---|
| 001 | c030739 | ||
| 005 | 20260320113627.1 | ||
| 041 | 0 | |a cze | |
| 044 | |a CZ | ||
| 245 | 1 | 0 | |a Národohospodářské plánování a základy úsekových ekonomik |c Antonín Kerner a kol. |
| 264 | 1 | |a Praha |b Panorama |c 1986 | |
| 300 | |a 289 s. | ||